Nghệ thuật chế tác chậu cảnh

Hướng dẫn nghệ thuật chơi, trồng và chăm sóc cây cảnh. Các phương pháp chiết cành, kĩ thuật chế tác cây cảnh, phong cách và các trường phái nghệ thuật biểu hiện

Đã lưu trong:
書目詳細資料
主要作者: Ngô, Thị Hoa
格式: 圖書
語言:Undetermined
出版: Hà Nội Thời đại 2011
主題:
標簽: 添加標簽
沒有標簽, 成為第一個標記此記錄!
Thư viện lưu trữ: Trung tâm Học liệu Trường Đại học Cần Thơ
LEADER 00865nam a2200205Ia 4500
001 CTU_180615
008 210402s9999 xx 000 0 und d
020 |c 40000 
082 |a 635.9 
082 |b H401 
100 |a Ngô, Thị Hoa 
245 0 |a Nghệ thuật chế tác chậu cảnh 
245 0 |c Ngô Thị Hoa ; Uông Truyền Long 
260 |a Hà Nội 
260 |b Thời đại 
260 |c 2011 
520 |a Hướng dẫn nghệ thuật chơi, trồng và chăm sóc cây cảnh. Các phương pháp chiết cành, kĩ thuật chế tác cây cảnh, phong cách và các trường phái nghệ thuật biểu hiện 
650 |a Plants, ornamental,Nghệ thuật chế tác cây cảnh 
904 |i Thuý Vi 
980 |a Trung tâm Học liệu Trường Đại học Cần Thơ